|
|
|
|
| LEADER |
00000ckm a2200000 a 4500 |
| 001 |
vtls001202719 |
| 003 |
SK-MaSNL |
| 005 |
20260331202828.0 |
| 007 |
kf co |
| 008 |
231121s1988 xo g 0kuslo |
| 015 |
|
|
|a SNBG1988
|
| 035 |
|
|
|a SNK000145789
|
| 035 |
|
|
|a urn:nbn:sk:snk-km45vez
|
| 035 |
|
|
|a 1C94EED6-C521-41D5-8BA7-010375DB96C1
|
| 035 |
|
|
|a urn:nbn:sk:snk-km00fady
|
| 040 |
|
|
|a SNK
|b slo
|c SNK
|e AACR2
|
| 041 |
0 |
|
|a slo
|
| 043 |
|
|
|a e-xo---
|
| 044 |
|
|
|a xo
|c SK
|
| 072 |
|
7 |
|a 913
|x Regionálna geografia
|2 konspekt
|
| 080 |
|
|
|a 913(437.6)
|2 2011
|
| 080 |
|
|
|a 908(437.6)
|2 2011
|
| 080 |
|
|
|a 728.82
|2 2011
|
| 080 |
|
|
|a 728.81
|2 2011
|
| 080 |
|
|
|a 725.1:613.47-026.912
|2 2011
|
| 080 |
|
|
|a 721
|2 2011
|
| 080 |
|
|
|a 72.031.4
|2 2011
|
| 080 |
|
|
|a 904(084.121)
|2 2011
|
| 080 |
|
|
|a 904:72/7.025.21
|2 2011
|
| 080 |
|
|
|a (234.372)
|2 2011
|
| 100 |
1 |
|
|a Slivka, Dušan,
|d 1944-
|4 pht
|9 249825
|
| 245 |
1 |
0 |
|a Rajecká dolina
|h grafika
|b Kunerad : Lietava : Fačkovské sedlo : Čičmany : Rajecké Teplice
|c foto: D. Slivka, P. Paul ; výtvarný návrh: M. Menclová
|
| 246 |
1 |
|
|i Názov na obrazovej časti:
|a Rajecká dolina
|
| 260 |
|
|
|a Bratislava
|b ČSTK-Pressfoto
|c 1988
|e Skalica
|f Grafobal
|
| 300 |
|
|
|a 1 pohľadnica (5 čiastkových pohľadov)
|b farebná
|c 11 x 15 cm
|
| 500 |
|
|
|a Dokument zobrazuje päť samostatných lokalít
|
| 520 |
8 |
|
|a Zobrazenie: V bielom orámovaní jeden pohľad zdola, z lúky na Kuneradský kaštieľ v pozadí, za ktorým je les, jeden pohľad spod kopca, z diaľky na zrúcaninu Lietavského hradu, čnejúceho sa vľavo nad stromami, jeden pohľad z kopca na Fačkovské sedlo a v popredí pod kopcom sú domy, jeden pohľad na dva domy pomaľovaný vzormi a jeden pohľad na kúpalisko, za ktorým v pozadí je zalesnený kopec
|
| 610 |
1 |
7 |
|a Kunerad (Slovensko : kaštieľ)
|2 SNKKA
|9 32762
|
| 610 |
2 |
7 |
|a Lietava (Slovensko : hrad)
|2 SNKKA
|9 165032
|
| 650 |
0 |
7 |
|a zrúcaniny historických objektov
|2 SNKPH
|9 105150
|
| 650 |
0 |
7 |
|a kultúrne pamiatky
|2 SNKPH
|9 2862
|
| 650 |
0 |
7 |
|a kúpaliská
|2 SNKPH
|9 4394
|
| 650 |
0 |
7 |
|a kaštiele
|2 SNKPH
|9 28599
|
| 650 |
0 |
7 |
|a budovy
|2 SNKPH
|9 1283
|
| 650 |
0 |
7 |
|a hrady
|2 SNKPH
|9 3039
|
| 650 |
0 |
7 |
|a ľudová architektúra
|2 SNKPH
|9 2956
|
| 651 |
|
7 |
|a Rajecká kotlina (Slovensko)
|2 SNKPHgeo
|9 56223
|
| 651 |
|
7 |
|a Rajecké Teplice (Slovensko)
|2 SNKPHgeo
|9 25477
|
| 651 |
|
7 |
|a Kunerad (Slovensko)
|2 SNKPHgeo
|9 66606
|
| 651 |
|
7 |
|a Čičmany (Slovensko)
|2 SNKPHgeo
|9 69879
|
| 651 |
|
7 |
|a Lietava (Slovensko)
|2 SNKPHgeo
|9 17213
|
| 651 |
|
7 |
|a Fačkovské sedlo (Slovensko)
|2 SNKPHgeo
|9 62688
|
| 651 |
|
7 |
|a Strážovské vrchy (Slovensko : pohorie)
|2 SNKPHgeo
|9 68108
|
| 655 |
|
7 |
|a miestne pohľadnice
|2 SNKPH
|9 70510
|
| 655 |
|
7 |
|a geografické pohľadnice
|2 SNKPH
|9 70522
|
| 655 |
|
7 |
|a pohľadnice kultúrnych pamiatok
|2 SNKPH
|9 70523
|
| 700 |
1 |
|
|a Paul, P.
|c (fotograf)
|4 pht
|9 60489
|
| 700 |
1 |
|
|a Menclová, Milica
|c (grafička)
|4 art
|9 283289
|
| 852 |
|
|
|a Slovenská národná knižnica
|
| 954 |
|
|
|a pohľadnice pôvodné (slovenské)
|2 lita
|
| 954 |
|
|
|a pohľadnice cudzojazyčné (svetové)
|2 lita
|
| 958 |
|
|
|a GBN
|
| 958 |
|
|
|a GC
|
| 958 |
|
|
|a OND
|
| 958 |
|
|
|a EUIPO
|
| 999 |
|
|
|c 538191
|d 540121
|
| 952 |
|
|
|a SNK
|b SNK
|y PREZ
|7 0
|p 17A1292000
|o snkSP 140368
|i snk57/89
|8 0
|0 0
|1 0
|4 0
|d 2020-11-16
|f 1
|l 0
|r 2026-02-23 12:31:17
|w 2026-02-23
|
| 952 |
|
|
|a SNK
|b SNK
|y PREZ
|7 0
|p 17A1292047
|o snkSP 140368 D1
|i snk58/89
|8 0
|0 0
|1 0
|4 0
|d 2020-11-16
|l 0
|r 2026-02-23 12:31:17
|w 2026-02-23
|